Morphology : (Record no. 82034)
[ view plain ]
| 000 -LEADER | |
|---|---|
| fixed length control field | 02215cam a22003618i 4500 |
| 001 - CONTROL NUMBER | |
| control field | 23336387 |
| 003 - CONTROL NUMBER IDENTIFIER | |
| control field | URS |
| 005 - DATE AND TIME OF LATEST TRANSACTION | |
| control field | 20250206173954.0 |
| 008 - FIXED-LENGTH DATA ELEMENTS--GENERAL INFORMATION | |
| fixed length control field | 230927s2024 nju 001 0 eng c |
| 010 ## - LIBRARY OF CONGRESS CONTROL NUMBER | |
| LC control number | 2023045098 |
| 020 ## - INTERNATIONAL STANDARD BOOK NUMBER | |
| International Standard Book Number | 9781119667834 |
| Qualifying information | (paperback) |
| 020 ## - INTERNATIONAL STANDARD BOOK NUMBER | |
| Canceled/invalid ISBN | 9781119667827 |
| Qualifying information | (adobe pdf) |
| 020 ## - INTERNATIONAL STANDARD BOOK NUMBER | |
| Canceled/invalid ISBN | 9781119667810 |
| Qualifying information | (epub) |
| 040 ## - CATALOGING SOURCE | |
| Original cataloging agency | WaSeSS/DLC |
| Language of cataloging | eng |
| Description conventions | rda |
| Transcribing agency | DLC |
| 042 ## - AUTHENTICATION CODE | |
| Authentication code | pcc |
| 050 00 - LIBRARY OF CONGRESS CALL NUMBER | |
| Classification number | P241 |
| Item number | .P86 2024 |
| 082 00 - DEWEY DECIMAL CLASSIFICATION NUMBER | |
| Classification number | 415/.9 |
| Edition number | 23/eng/20231002 |
| Item number | P9697 2024 |
| 100 1# - MAIN ENTRY--PERSONAL NAME | |
| Personal name | Punske, Jeffrey, |
| Relator term | author. |
| 245 10 - TITLE STATEMENT | |
| Title | Morphology : |
| Remainder of title | a distributed morphology introduction / |
| Statement of responsibility, etc. | Jeffrey P Punske. |
| 263 ## - PROJECTED PUBLICATION DATE | |
| Projected publication date | 2312 |
| 264 #1 - PRODUCTION, PUBLICATION, DISTRIBUTION, MANUFACTURE, AND COPYRIGHT NOTICE | |
| Place of production, publication, distribution, manufacture | Hoboken, New Jersey : |
| Name of producer, publisher, distributor, manufacturer | Wiley-Blackwell, |
| Date of production, publication, distribution, manufacture, or copyright notice | [2024] |
| 300 ## - PHYSICAL DESCRIPTION | |
| Extent | pages cm |
| 336 ## - CONTENT TYPE | |
| Content type term | text |
| Content type code | txt |
| Source | rdacontent |
| 337 ## - MEDIA TYPE | |
| Media type term | unmediated |
| Media type code | n |
| Source | rdamedia |
| 338 ## - CARRIER TYPE | |
| Carrier type term | volume |
| Carrier type code | nc |
| Source | rdacarrier |
| 500 ## - GENERAL NOTE | |
| General note | Includes index. |
| 520 ## - SUMMARY, ETC. | |
| Summary, etc. | "Morphology: A Distributed Morphology Introduction provides a thorough overview of the Distributed Morphology framework by using a variety of data and problem sets from a diverse selection of the world's languages. This textbook focuses on the technical details of morphology and Distributed Morphology, whilst also training students in scientific and linguistic thinking and expression. Thirteen chapters are split into two parts -- part one: The Basics of Morphology' offer undergraduate and graduate students with an introduction to morphology from the perspective of Distributed Morphology including categorising, combining, and manipulating features, and part two: Developing a Framework' offers and investigation into more advance topics such as The Mirror Principle and Morphosyntactic Operations. Pedagogical features throughout every chapter in addition to an instructor companion website, make this textbook an ideal introduction to the field of Morphology for students globally."-- |
| Assigning source | Provided by publisher. |
| 650 #0 - SUBJECT ADDED ENTRY--TOPICAL TERM | |
| Topical term or geographic name entry element | Grammar, Comparative and general |
| General subdivision | Morphology. |
| 776 08 - ADDITIONAL PHYSICAL FORM ENTRY | |
| Relationship information | Online version: |
| Main entry heading | Punske, Jeffrey. |
| Title | Morphology |
| Place, publisher, and date of publication | Hoboken, New Jersey : Wiley-Blackwell, [2024] |
| International Standard Book Number | 9781119667827 |
| Record control number | (DLC) 2023045099 |
| 906 ## - LOCAL DATA ELEMENT F, LDF (RLIN) | |
| a | 7 |
| b | cbc |
| c | orignew |
| d | 1 |
| e | ecip |
| f | 20 |
| g | y-gencatlg |
| 942 ## - ADDED ENTRY ELEMENTS (KOHA) | |
| Source of classification or shelving scheme | Library of Congress Classification |
| Koha item type | Foreign Books |
| Withdrawn status | Source of classification or shelving scheme | Damaged status | Not for loan | Home library | Current library | Shelving location | Date acquired | Total Checkouts | Full call number | Barcode | Date last seen | Price effective from | Koha item type |
|---|---|---|---|---|---|---|---|---|---|---|---|---|---|
| Dewey Decimal Classification | Pililla College Library | Pililla College Library | Foreign Section | 02/06/2025 | 415.9 P9697 2024 | URSPIL-7265 | 02/06/2025 | 02/06/2025 | Foreign Books |